| 000 | 00944cam a22002775a 4500 | ||
|---|---|---|---|
| 005 | 20150812142737.0 | ||
| 008 | 150805t2007 nyua fr 001 0 eng d | ||
| 010 | _a 2007013611 | ||
| 020 | _a0071477527 (alk. paper) | ||
| 020 | _a9780071477529 (alk. paper) | ||
| 020 | _a0071477527 | ||
| 040 |
_aEG-ScBUE _beng _cEG-ScBUE |
||
| 082 | 0 | 4 |
_a621.31042 _bELL _222 |
| 100 | 1 |
_aElliott, Brian S. _938299 |
|
| 245 | 1 | 0 |
_aElectromechanical devices & components illustrated sourcebook / _cBrian S. Elliott. |
| 246 | 3 | _aElectromechanical devices and components illustrated sourcebook | |
| 260 |
_aNew York : _bMcGraw-Hill, _cc.2007. |
||
| 300 |
_axxxvi, 311 p. : _bill., tables ; _c29 cm. |
||
| 500 | _aIndex : p. 303-311. | ||
| 500 | _aGlossary : p. 299-302. | ||
| 650 | 0 |
_aElectromechanical devices. _2BUEsh |
|
| 651 | _2BUEsh | ||
| 653 |
_bCOMSCI _cAugust2015 |
||
| 655 |
_vreading book _934232 |
||
| 942 |
_cBB _k621.31042 ELL _2ddc |
||
| 999 |
_c8114 _d8114 |
||